Guttapercha und balata, ihre ersatzstoffe und technischen gemenge,

Saved in:
Bibliographic Details
Main Author: Fischer, Emil J.
Format: Book
Language:German
Published: Berlin-Lichterfelde, Allgemeiner industrie-verlag g. m. b. h. [1933]
Subjects:
Tags: Add Tag
No Tags, Be the first to tag this record!
LEADER 00759nam a2200217I 4500
001 005644792-2
005 20020606163548.3
008 771111s1933 gw 000 0 ger c
010 |a agr34000285  
035 0 |a ocm03411967 
040 |a Library, U.S. Dept. of Agriculture  |c OCP  |d BOH 
050 |a TS1935  |b .F 
100 1 |a Fischer, Emil J.  |q (Emil Johannes) 
245 0 0 |a Guttapercha und balata,  |b ihre ersatzstoffe und technischen gemenge,  |c von Emil J. Fischer. 
260 |a Berlin-Lichterfelde,  |b Allgemeiner industrie-verlag g. m. b. h.  |c [1933] 
300 |a 184 p.  |b illus., fold. plates, diagrs.  |c 24 cm. 
504 |a "Neuere literatur über guttapercha und balata": p. 174-175. 
650 0 |a Balata. 
650 0 |a Gutta-percha. 
988 |a 20020608 
906 |0 OCLC